College Quizbowl Stats
College Quizbowl Stats
Circuits
Seasons
Sets
Records
Detailed Stats
About
Loading...
2024 ACF Winter at Lehigh
Tossups
Bonuses
Players
Teams
Categories (Tossup)
Categories (Bonus)
Mark
Rutgers C
Categories
Category
Powers
Gets
Negs
BBs
Points
Earliest Buzz
Avg. Buzz
First Buzzes
Top 3 Buzzes
Fine Arts - Classical Music
0
1
0
0
10
89
89.00
0
1
Social Science
0
1
0
0
10
54
54.00
0
1
Religion
0
0
1
0
-5
0.00
0
0
Science - Biology
0
0
1
0
-5
0.00
0
0
Science - Chemistry
0
0
1
0
-5
0.00
0
0
Buzzes
Category
Answer
Value
Buzz Position
Social Science
tones
10
54
Science - Biology
plant roots
-5
69
Religion
anointing
-5
72
Fine Arts - Classical Music
sheet music
10
89
Science - Chemistry
two
-5
97
Previous
1
Next